02219nam a2200313 i 450000100190000000500170001900800410003602000180007702000210009502400160011603500220013203500240015404000310017805000230020910000330023224500940026526400340035930000240039349000390041750400670045650502170052352009350074065000390167565000320171483000400174694200080178695200960179499900150189099110746951540619620250312125522.0250117s2025 enk b 001 0 eng d a9780745349435 a0745349439qpbk. a90101122759 a(OCoLC)1484909506 a(OCoLC)on1484909506 aNjBwBTbengcCDXerdadCDX14aHQ18.55b.S43 2025 aSears, Alan,eauthor.92490210aEros and alienation b: capitalism and the making of gendered sexualities c/ Alan Sears. 1aLondon :bPluto Press,c2025. a188 pages ;c22 cm.1 aMapping social reproduction theory aIncludes bibliographical references (pages 156-178) and index. aEros and Alienation — Alienation and the Making of Sexualities — Sexualities at Work — Market Model Sexualities — The State and Sexual Hegemony — Sexuality and Ecology — Utopia and Sexual Revolutions. a"Delves into the underexplored relationship between alienated labour and sexuality. Our human drive to shape the world around us and fulfil ourselves through labour is subverted by capitalist alienation, leaving us to find fulfilment elsewhere. As a result, our erotic drives become the central focus for transformation and life-making, but are themselves restricted and fuelled by whatever energy is left after completing the monetised or social reproductive work required to survive. This alienation encounters resistance, as life-making activity can never be fully separated from the person who labours. Alan Sears explores the ways this alienation frames the processes of gender and sexual formation, showing how the organisation of work contributes to the development of a dominant regime of gendered sexualities, defined by a binary gender mapping of desire as heterosexual, homosexual or bisexual"--cProvided by publisher. 0aGender identityxEconomic aspects. 0aCapitalismxSocial aspects. 0aMapping social reproduction theory. 2lcc 00102lcc4070aTBSbTBSd2025-03-12l0oHQ18.55 SEApB07512r2025-03-12t1w2025-03-12y1 c4535d4535